[Event "Presiden's Cup--Open"]
[Site "Seattle, WA"]
[Date "2017.02.12"]
[Round "4"]
[White "Shaji  (WA), Karthik"]
[Black "Szeto  (WA), Sophie"]
[Result "1-0"]
[WhiteElo "1858"]
[BlackElo "1255"]
[PlyCount "69"]
[EventDate "2017.08.28"]
[SourceDate "2017.08.28"]
[SourceVersionDate "2017.08.28"]

1. d4 d5 2. c4 e6 3. Nf3 Nf6 4. g3 Be7 5. Bg2 b6 6. cxd5 exd5 7. O-O O-O 8. Nc3
Bb7 9. Bf4 c5 10. Rc1 Nbd7 11. Ne5 Rc8 12. Qa4 cxd4 13. Qxd4 Nxe5 14. Bxe5 Re8
15. Qd3 h6 16. Rcd1 Rc5 17. b4 Rc8 18. Bxf6 Bxf6 19. Nxd5 Bxd5 20. Bxd5 Rc3 21.
Qb1 Qc8 22. e4 Rc2 23. Rc1 Rc3 24. Rxc3 Qxc3 25. Rc1 Qd2 26. Rc7 Rf8 27. Qb3
Bd4 28. Qf3 Qxb4 29. Rxf7 Rxf7 30. Qxf7+ Kh7 31. Qf5+ Kh8 32. Qc8+ Kh7 33. Bg8+
Kh8 34. Bf7+ Kh7 35. Qg8# 1-0

[Event "Presiden's Cup--Reserve"]
[Site "Seattle, WA"]
[Date "2017.02.12"]
[Round "4"]
[White "Chung  (WA), Thomas"]
[Black "Clark  (WA), Ryan"]
[Result "1/2-1/2"]
[WhiteElo "1081"]
[BlackElo "1128"]
[PlyCount "70"]
[EventDate "2017.08.28"]
[SourceDate "2017.08.28"]
[SourceVersionDate "2017.08.28"]

1. d4 d5 2. c4 Nc6 3. Nc3 dxc4 4. Nf3 Bg4 5. Bf4 Bxf3 6. exf3 Qxd4 7. Qxd4 Nxd4
8. O-O-O O-O-O 9. Bxc4 e6 10. Rd2 Bb4 11. Rhd1 Bxc3 12. bxc3 Nc6 13. Bg5 Rxd2
14. Rxd2 h6 15. Be3 Nge7 16. h3 a6 17. a4 Na5 18. Ba2 Nec6 19. f4 b6 20. h4 h5
21. f3 Kb7 22. Rd7 Rf8 23. f5 exf5 24. Rxf7 Rxf7 25. Bxf7 Ne5 26. Bxh5 g6 27.
Bd4 Nb3+ 28. Kc2 Nxd4+ 29. cxd4 gxh5 30. dxe5 Kc6 31. f4 Kd5 32. Kb2 b5 33.
axb5 axb5 34. Kc1 c5 35. Kb1 c4 1/2-1/2

[Event "Presiden's Cup--Reserve"]
[Site "Seattle, WA"]
[Date "2017.02.12"]
[Round "4"]
[White "Kurungod Annop  (WA), Pranav"]
[Black "Peng  (WA), Brandon"]
[Result "0-1"]
[WhiteElo "1262"]
[BlackElo "1557"]
[PlyCount "106"]
[EventDate "2017.08.28"]
[SourceDate "2017.08.28"]
[SourceVersionDate "2017.08.28"]

1. e4 c5 2. Nf3 Nc6 3. d4 cxd4 4. Nxd4 g6 5. Nc3 Bg7 6. Be3 d6 7. Qd2 a6 8. f3
Nf6 9. O-O-O Bd7 10. Bh6 Bxh6 11. Qxh6 Qb6 12. Nb3 a5 13. Bb5 Ne5 14. Nd4 a4
15. a3 Bxb5 16. Ndxb5 Rc8 17. Qd2 Nc4 18. Qd4 Rc5 19. Nxa4 Qxb5 20. Nxc5 Qxc5
21. Qxc5 dxc5 22. Rhe1 e6 23. b3 Nxa3 24. c4 b5 25. Kb2 b4 26. Rd6 Ke7 27. e5
Nd7 28. f4 Rc8 29. Red1 Rc7 30. g4 g5 31. f5 Nxe5 32. Ra6 Nxg4 33. fxe6 f5 34.
Rd5 Ne3 35. Rd3 f4 36. Ra8 Kxe6 37. Rg8 Kf5 38. h3 Ke4 39. Rdd8 f3 40. Rde8+
Kd3 41. Rxg5 f2 42. Rf8 f1=Q 43. Rxf1 Nxf1 44. Rd5+ Ke4 45. Rd8 Rf7 46. Re8+
Kd3 47. Rd8+ Ke2 48. Re8+ Ne3 49. Rc8 Rf5 50. Rc7 h5 51. Re7 Rf2 52. Kc1 Kd3
53. Re6 Rc2# 0-1

[Event "Presiden's Cup--Reserve"]
[Site "Seattle, WA"]
[Date "2017.02.12"]
[Round "5"]
[White "Bai  (WA), Raymond"]
[Black "Chung  (WA), Thomas"]
[Result "0-1"]
[WhiteElo "1144"]
[BlackElo "1081"]
[PlyCount "70"]
[EventDate "2017.08.28"]
[SourceDate "2017.08.30"]
[SourceVersionDate "2017.08.30"]

1. e4 c5 2. Nf3 d6 3. d4 cxd4 4. Nxd4 Nf6 5. Nc3 a6 6. Be2 e6 7. Be3 Be7 8. O-O
O-O 9. Qd2 Nc6 10. Nf3 b5 11. Rad1 Bb7 12. a3 Nd7 13. Bd3 Nde5 14. Nxe5 Nxe5
15. Qe2 Rc8 16. Bd4 Bf6 17. Be3 d5 18. exd5 exd5 19. Bd4 Re8 20. Rfe1 Nf3+ 21.
Qxf3 Bxd4 22. Qh3 g6 23. Be2 Bxc3 24. bxc3 Qa5 25. Rd3 d4 26. Kf1 dxc3 27. Ra1
Be4 28. Re3 Bxc2 29. f3 Bf5 30. Rxe8+ Rxe8 31. Qh6 Rd8 32. Qc1 Rd2 33. Qe1 c2
34. Kg1 Qb6+ 35. Kh1 Qe3 0-1

[Event "Presiden's Cup--Open"]
[Site "Seattle, WA"]
[Date "2017.02.12"]
[Round "5"]
[White "Oliver  (WA), George"]
[Black "Velea  (WA), Stephanie"]
[Result "1-0"]
[WhiteElo "1615"]
[BlackElo "1624"]
[PlyCount "91"]
[EventDate "2017.08.28"]
[SourceDate "2017.08.30"]
[SourceVersionDate "2017.08.30"]

1. e4 c5 2. c3 d6 3. d4 cxd4 4. cxd4 Nf6 5. Nc3 g6 6. Be2 Bg7 7. Be3 O-O 8. h3
Nc6 9. f4 d5 10. e5 Ne8 11. Nf3 Be6 12. O-O Rc8 13. Qe1 f6 14. Qg3 Bh6 15. Rfd1
Ng7 16. Qf2 Nf5 17. Bc1 Bg7 18. g4 Nh6 19. Bb5 a6 20. Ba4 b5 21. Bb3 Na5 22.
Qg2 Nc4 23. Bxc4 Rxc4 24. Be3 Qd7 25. Nd2 Rc6 26. Nb3 Bf7 27. Nc5 Qd8 28. Qg3
Qc7 29. b4 Qc8 30. Rd2 Be6 31. Rg2 Rd8 32. f5 Bf7 33. e6 Be8 34. Qh4 g5 35. Qg3
Rdd6 36. h4 Kh8 37. hxg5 fxg5 38. Bxg5 Qc7 39. Bxh6 Bxh6 40. Qh3 Bg7 41. Ne2
Kg8 42. Rf1 h6 43. g5 hxg5 44. Rxg5 Kf8 45. Qh7 Bf6 46. Qg8# 1-0

[Event "Presiden's Cup--Reserve"]
[Site "Seattle, WA"]
[Date "2017.02.12"]
[Round "5"]
[White "Karukayil  (WA), Johan"]
[Black "Morrison  (WA), Michael"]
[Result "1-0"]
[WhiteElo "903"]
[BlackElo "1409"]
[PlyCount "99"]
[EventDate "2017.08.28"]
[SourceDate "2017.08.30"]
[SourceVersionDate "2017.08.30"]

1. d4 Nf6 2. c4 d5 3. cxd5 Nxd5 4. e4 Nf6 5. Nc3 e6 6. Be3 Bb4 7. Bd3 O-O 8.
Nge2 a6 9. O-O Nbd7 10. Bb1 Nb6 11. Qc2 Be7 12. e5 g6 13. exf6 Bxf6 14. Ne4 Be7
15. Qc3 Nd5 16. Qd3 b6 17. N4c3 Bb7 18. Nxd5 Qxd5 19. f3 Bg5 20. Bxg5 Qxg5 21.
Bc2 a5 22. Ng3 Ba6 23. f4 Qd5 24. Qe4 Bxf1 25. Qxd5 exd5 26. Rxf1 c6 27. f5
Rfe8 28. fxg6 hxg6 29. Rf6 Re6 30. Rxe6 fxe6 31. Bxg6 Kg7 32. Bd3 Kh6 33. h4 b5
34. Ne2 Rg8 35. g3 Rg4 36. Kg2 Rg8 37. Kh3 Re8 38. g4 e5 39. g5+ Kg7 40. dxe5
Rxe5 41. Nf4 b4 42. Kg4 c5 43. h5 c4 44. h6+ Kf7 45. g6+ Kf6 46. h7 Rg5+ 47.
Kh4 Rxg6 48. Nxg6 cxd3 49. h8=Q+ Kxg6 50. Qd4 1-0

[Event "Presiden's Cup--Open"]
[Site "Seattle, WA"]
[Date "2017.02.12"]
[Round "5"]
[White "Yan  (WA), Jeffrey"]
[Black "Fagundes  (WA), Frank"]
[Result "1/2-1/2"]
[WhiteElo "1753"]
[BlackElo "1726"]
[Annotator "Murlin"]
[PlyCount "106"]
[EventDate "2017.08.28"]
[SourceDate "2017.08.30"]
[SourceVersionDate "2017.08.30"]

1. e4 c5 2. Nc3 Nc6 3. Bb5 Nd4 4. Bc4 d6 5. f4 Nf6 6. Nf3 Bg4 7. e5 dxe5 8.
fxe5 Bxf3 9. gxf3 Nd7 10. f4 e6 11. Rf1 Be7 12. d3 Bh4+ 13. Kd2 Nxe5 14. Bb5+
Nxb5 15. Nxb5 Qa5+ 16. Nc3 Ng6 17. Qf3 O-O-O 18. Ke2 c4 19. dxc4 Rd4 20. Nb5
Rd7 21. Qe3 Kb8 22. Bd2 Qa6 23. Bc3 e5 24. Bxe5+ Nxe5 25. Qxe5+ Kc8 26. Qc5+
Kb8 27. Qe5+ Kc8 28. Qc5+ Kd8 29. Kf3 Qe6 30. f5 Qh6 31. Qe5 Qh5+ 32. Kg2 Qg4+
33. Kh1 Qxc4 34. Nxa7 Qd5+ 35. Qxd5 Rxd5 36. Rad1 Rd7 37. Nb5 Re8 38. Nd6 Re2
39. Nxb7+ Kc7 40. Rxd7+ Kxd7 41. Nc5+ Kc6 42. Nd3 Be7 43. Re1 Rxe1+ 44. Nxe1
Kd5 45. Kg2 Ke4 46. a3 Kxf5 47. Kf2 Bd6 48. h3 h5 49. b4 g5 50. c4 Ke5 51. Ke3
g4 52. Nd3+ Ke6 53. hxg4 hxg4 {Some of the above moves are assumptions and the
remainder of the score sheet would require far more assumptions than that.
Therefore, let us leave it here, saying they eventually drew, somehow.} 1/2-1/2

[Event "Presiden's Cup--Reserve"]
[Site "Seattle, WA"]
[Date "2017.02.12"]
[Round "5"]
[White "Peng  (WA), Brandon"]
[Black "Joshi  (WA), Saumitra"]
[Result "1-0"]
[WhiteElo "1557"]
[BlackElo "1370"]
[PlyCount "119"]
[EventDate "2017.08.28"]
[SourceDate "2017.09.04"]
[SourceVersionDate "2017.09.04"]

1. d4 Nf6 2. c4 c5 3. Nf3 e6 4. Nc3 d5 5. Bf4 Bd6 6. Bxd6 Qxd6 7. e3 Nc6 8.
cxd5 exd5 9. dxc5 Qxc5 10. Be2 O-O 11. O-O Rd8 12. Rc1 Qb4 13. Qc2 g6 14. Rfd1
Bf5 15. Bd3 Bxd3 16. Rxd3 Qe7 17. Qb3 Qb4 18. Qxb4 Nxb4 19. Rd4 Nc6 20. Rd2
Rac8 21. Rcd1 Nb4 22. a3 Na6 23. Kf1 Nc7 24. e4 Rd6 25. e5 Re6 26. exf6 Rxf6
27. Nxd5 Nxd5 28. Rxd5 Rfc6 29. Rd8+ Rxd8 30. Rxd8+ Kg7 31. Rd7 Rb6 32. b4 Kf6
33. Ke2 Ke6 34. Rc7 Kd6 35. Rxf7 Ke6 36. Rxh7 Kf6 37. g4 Re6+ 38. Kd3 Rd6+ 39.
Nd4 Ke5 40. Re7+ Kf6 41. Rxb7 Ke5 42. Re7+ Kf6 43. Rxa7 Ke5 44. Re7+ Kf6 45.
Re6+ Rxe6 46. Nxe6 Kxe6 47. b5 Kd6 48. a4 Kc5 49. f4 Kd6 50. a5 Kc5 51. a6 Kb6
52. f5 gxf5 53. gxf5 Kxb5 54. a7 Kc6 55. a8=Q+ Kd6 56. Kd4 Ke7 57. Ke5 Kf7 58.
Qb7+ Kg8 59. Kf6 Kh8 60. Qg7# 1-0

[Event "Presiden's Cup--Open"]
[Site "Seattle, WA"]
[Date "2017.02.12"]
[Round "5"]
[White "Szeto  (WA), Sophie"]
[Black "Jiang  (WA), Brandon"]
[Result "0-1"]
[WhiteElo "1255"]
[BlackElo "1484"]
[PlyCount "116"]
[EventDate "2017.08.28"]
[SourceDate "2017.09.15"]
[SourceVersionDate "2017.09.15"]

1. e4 e5 2. Nf3 Nc6 3. Bc4 Nf6 4. d3 Bc5 5. c3 d6 6. d4 exd4 7. cxd4 Bb4+ 8.
Nc3 Bxc3+ 9. bxc3 Nxe4 10. Qb3 O-O 11. Bd3 Re8 12. O-O h6 13. Re1 d5 14. c4 Na5
15. Qb5 Nxc4 16. Bxc4 dxc4 17. Qxc4 Be6 18. Qd3 Nd6 19. Bb2 Bf5 20. Qb3 Be4 21.
Ne5 Bf5 22. Ba3 Re7 23. Qd5 Be6 24. Qf3 c6 25. Qc3 Rc7 26. Qg3 Nf5 27. Qd3 Qxd4
28. Qxd4 Nxd4 29. Rec1 Ne2+ 30. Kf1 Nxc1 31. Rxc1 Rd8 32. Rc2 f6 33. Ng6 Bf5
34. Ne7+ Rxe7 35. Bxe7 Rd1+ 36. Ke2 Bxc2 37. Bc5 Ra1 38. a3 b6 39. Bd6 c5 40.
f3 Ra2 41. Kf2 Rxa3 42. Kg3 a5 43. Bc7 Rb3 44. Bf4 a4 45. Bc1 a3 46. Bxa3 Rxa3
47. Kf4 b5 48. Kg3 b4 49. Kf2 b3 50. Ke2 b2 51. Kd2 b1=Q 52. Ke2 c4 53. Kd2 c3+
54. Ke2 Bd3+ 55. Ke3 c2 56. f4 c1=B+ 57. Kd4 Qb4+ 58. Kd5 Be4+ 0-1